| 000 | 00473nam a2200169Ia 4500 | ||
|---|---|---|---|
| 008 | 190912s9999 xx 000 0 und d | ||
| 100 | _aMateo, Janvic | ||
| 245 | _aChina could occupy more areas in WPS -- expert warns/ | ||
| 245 | _cJanvic Mateo | ||
| 260 | _bThe Philippine Star | ||
| 260 | _c2019 | ||
| 300 | _aJanuary 6, page 6 | ||
| 440 |
_aThe Philippine Star _v33: 163 |
||
| 650 | _aChina | ||
| 650 | _aPolitics -- Philippines | ||
| 650 | _aWest Philippine Sea | ||
| 999 |
_c362106 _d362106 |
||